Enfermería de salud mental y psiquiatría : (Registro nro. 21492)

Detalles MARC
000 -LEADER
fixed length control field 01280nam a2200313 4500
001 - CONTROL NUMBER
control field : 0000023610
003 - CONTROL NUMBER IDENTIFIER
control field CO-CtgCURN
005 - DATE AND TIME OF LATEST TRANSACTION
control field 20250422154955.0
007 - PHYSICAL DESCRIPTION FIXED FIELD--GENERAL INFORMATION
fixed length control field ta
008 - FIXED-LENGTH DATA ELEMENTS--GENERAL INFORMATION
fixed length control field 160627s2012 000 0 eng d
020 ## - INTERNATIONAL STANDARD BOOK NUMBER
International Standard Book Number 9788498353891
040 ## - CATALOGING SOURCE
Original cataloging agency CO-CtgCURN
Language of cataloging spa
Transcribing agency coctgcurn
082 0# - DEWEY DECIMAL CLASSIFICATION NUMBER
Classification number 610.7368
Item number F769
100 1# - MAIN ENTRY--PERSONAL NAME
Personal name Fornes Vives, Joana.
245 10 - TITLE STATEMENT
Title Enfermería de salud mental y psiquiatría :
Remainder of title guía practica de valoración y estrategias de intervención /
Statement of responsibility, etc. Joana Forenes Vives , María Consuelo Carballal Balsa.
260 ## - PUBLICATION, DISTRIBUTION, ETC.
Place of publication, distribution, etc. Madrid :
Name of publisher, distributor, etc. Medica Panamericana,
Date of publication, distribution, etc. 2012.
300 ## - PHYSICAL DESCRIPTION
Extent 159 p.
336 ## - CONTENT TYPE
Source rdacontent
337 ## - MEDIA TYPE
Source rdamedia
Media type term sin mediacion
Media type code n
338 ## - CARRIER TYPE
Source rdacarrier
Carrier type term volumen
Carrier type code nc
500 ## - GENERAL NOTE
General note Incluye indice Analitico.
505 8# - FORMATTED CONTENTS NOTE
Formatted contents note El proceso de valoracion en salud mental.--Organizacion y registro de la informacion.--Estrategias de intervencion en patrones disfuncionales.--Requisitos Para la funcionalidad del patron de valores y creencias
650 14 - SUBJECT ADDED ENTRY--TOPICAL TERM
Topical term or geographic name entry element Enfermeria ocupacional.
700 1# - ADDED ENTRY--PERSONAL NAME
Personal name Carballal Balsa, María Consuelo.
908 ## - PUT COMMAND PARAMETER (RLIN)
Put command parameter 160627
942 ## - ADDED ENTRY ELEMENTS (KOHA)
Koha item type Libros
Classification part 610.7368
Item part F769
Source of classification or shelving scheme Dewey Decimal Classification
Suppress in OPAC No
Existencias
Withdrawn status Lost status Source of classification or shelving scheme Damaged status Not for loan Collection Home library Current library Shelving location Date acquired Total checkouts Full call number Barcode Date last seen Price effective from Koha item type Public note Inventory number
    Dewey Decimal Classification     General Miguel Henríquez Emiliani Miguel Henríquez Emiliani General 03/31/2025   610.7368 F769 016379 03/31/2025 03/31/2025 Libros 610-CIENME  
    Dewey Decimal Classification     General Miguel Henríquez Emiliani Miguel Henríquez Emiliani General 03/31/2025   610.7368 F769 016380 03/31/2025 03/31/2025 Libros 610-CIENME 016380